|
|
|
|
| LEADER |
00000nam0a2200000 4500 |
| 001 |
260471 |
| 005 |
20231101233500.0 |
| 010 |
|
|
|a 5247003608
|
| 020 |
|
|
|a RU
|b 88-6244
|
| 035 |
|
|
|a (RuTPU)RU\TPU\book\283420
|
| 090 |
|
|
|a 260471
|
| 100 |
|
|
|a 20140515d1988 k y0rusy5003 ca
|
| 101 |
0 |
|
|a rus
|
| 102 |
|
|
|a RU
|
| 105 |
|
|
|a a z 001zy
|
| 200 |
1 |
|
|a Инженерно-тектонический анализ скальных массивов
|f А. А. Варга
|
| 210 |
|
|
|a Москва
|c Недра
|d 1988
|
| 215 |
|
|
|a 215 с.
|c ил.
|
| 320 |
|
|
|a Библиогр.: с. 212-213 (48 назв.).
|
| 606 |
1 |
|
|a Механика скальных грунтов
|2 stltpush
|3 (RuTPU)RU\TPU\subj\43577
|9 63062
|
| 610 |
1 |
|
|a гидротехническое строительство
|
| 610 |
0 |
|
|a горные породы скальные
|
| 610 |
0 |
|
|a структура
|
| 610 |
0 |
|
|a тектонический анализ
|
| 610 |
0 |
|
|a инженерно-геодезические изыскания
|
| 610 |
0 |
|
|a трещиноватость
|
| 675 |
|
|
|a 624.12
|z rus
|v 3
|
| 700 |
|
1 |
|a Варга
|b А. А.
|g Александр Александрович
|4 070
|
| 801 |
|
0 |
|a RU
|b RuMRKP
|c 19950417
|g psbo
|
| 801 |
|
1 |
|a RU
|b 63413507
|c 20140515
|
| 801 |
|
2 |
|a RU
|b 63413507
|c 20150227
|g RCR
|
| 942 |
|
|
|c BK
|